000 00947nam a2200301 i 4500
003 EG-GICUC
005 20260508153119.0
008 260508s2004 fr ||||fr|||| 00| 0 fre d
020 _a2701314720
040 _aEG-GiCUC
_bfre
_cEG-GiCUC
_dEG-GiCUC
_eRda
082 0 4 _221
_a345.3231
_bLO . M
092 0 4 _221
099 _aLaw1 07 345.3231 LO . M 2004
100 1 _aLoriau, Christophe
_eAuteur
245 1 0 _aMarchés Des Collectivités Territoriales /
_b
_cChristophe Loriau.
_n
250 _a4e Édition
264 1 _aParis :
_bBerger-levrault,
_c2004.
300 _a489page :
_billustration ;
_c 24 cm.
336 _2rda contenu
_a texte
337 _2rda medias
_aOrdinateur
338 _2 transporteur rda
_a Ressource en ligne
546 _aTexte en français
650 1 4 _aDroit administratif
_2
651 1 _2
856 4 0 _uhttps://fll.law.cu.edu.eg/fulltext/bks/B07-05261.pdf
905 _a50
942 _2ddc
_cBK
_e21
_n0
999 _c76281
_d76281